[Event "Titled Tuesday intern op 16th Apr Early"]
[Site "Chess.com INT"]
[Date "2024.04.16"]
[Round "7"]
[White "Finek, Vaclav"]
[Black "Ambartsumova, Karina"]
[Result "1/2-1/2"]
[WhiteElo "2431"]
[BlackElo "2406"]
[PlyCount "102"]
[EventDate "2024.04.16"]
[EventType "swiss (blitz)"]
[EventRounds "11"]
[EventCountry "USA"]
[SourceTitle "CB17_2024"]
[SourceDate "2024.04.24"]
[SourceVersion "1"]
[SourceVersionDate "2024.04.24"]
[SourceQuality "1"]

1. d4 Nf6 2. c4 e6 3. g3 d5 4. Bg2 dxc4 5. Nf3 Nc6 6. 0-0 Rb8 7. a4 a6 8. a5 Bb4 9. Na3 Bxa5 10. Nxc4 Bb4 11. Bg5 0-0 12. e4 Be7 13. Qc2 Nxd4 14. Nxd4 Qxd4 15. Be3 Qd8 16. Rfd1 Qe8 17. Bf4 Bd8 18. Nb6 Bd7 19. Bxc7 Bxc7 20. Qxc7 Bc6 21. e5 Nd5 22. Nxd5 exd5 23. Bxd5 Rc8 24. Qb6 Qxe5 25. Bxc6 bxc6 26. Rxa6 Rb8 27. Qxc6 Rxb2 28. Ra8 Rbb8 29. Ra7 h5 30. h4 Rb2 31. Qf3 Qe2 32. Qxe2 Rxe2 33. Rd3 g6 34. Rf3 Re6 35. Kg2 Kg7 36. Rb7 Rf6 37. Re3 Rd8 38. Re2 Rd5 39. Rb8 Rdf5 40. f4 Rc5 41. Ree8 Rfc6 42. Re2 Rc2 43. Rb2 Rxe2+ 44. Rxe2 Kf6 45. Re5 Rc2+ 46. Kf3 Rc3+ 47. Kf2 Rc2+ 48. Kf3 Rc3+ 49. Kg2 Rc2+ 50. Kh3 Rc3 51. Kg2 Rc2+ 1/2-1/2

[Event "Titled Tuesday intern op 16th Apr Early"]
[Site "Chess.com INT"]
[Date "2024.04.16"]
[Round "4"]
[White "Finek, Vaclav"]
[Black "Deac, Bogdan Daniel"]
[Result "0-1"]
[WhiteElo "2431"]
[BlackElo "2692"]
[PlyCount "124"]
[EventDate "2024.04.16"]
[EventType "swiss (blitz)"]
[EventRounds "11"]
[EventCountry "USA"]
[SourceTitle "CB17_2024"]
[SourceDate "2024.04.24"]
[SourceVersion "1"]
[SourceVersionDate "2024.04.24"]
[SourceQuality "1"]

1. d4 Nf6 2. c4 e6 3. Nf3 d5 4. g3 dxc4 5. Bg2 Nc6 6. 0-0 Rb8 7. a4 Be7 8. Na3 Na5 9. Ne5 Nb3 10. Rb1 Nxc1 11. Rxc1 0-0 12. Naxc4 c6 13. Qd2 Nd7 14. Nd3 Nb6 15. Nxb6 axb6 16. e3 Ra8 17. Qc2 Bd7 18. b4 Bd6 19. Ra1 Qe7 20. a5 bxa5 21. bxa5 e5 22. dxe5 Bxe5 23. Nxe5 Qxe5 24. Rfb1 Rfd8 25. Qb2 Qxb2 26. Rxb2 Bc8 27. a6 Ra7 28. h4 g6 29. Rb6 bxa6 30. Rxc6 a5 31. Rc5 a4 32. Bc6 a3 33. Bd5 Be6 34. Bxe6 fxe6 35. Ra2 Rd3 36. Kg2 Rb3 37. Rcc2 Kf7 38. Kf3 h6 39. Ke2 g5 40. hxg5 hxg5 41. Kd2 Rd7+ 42. Ke2 Rdb7 43. Kd2 Kf6 44. Ke2 Kf5 45. Rc5+ e5 46. Rcc2 e4 47. Rc5+ Kg4 48. Rcc2 Rb2 49. Kd1 Rxa2 50. Rxa2 Rb1+ 51. Kc2 Rb2+ 52. Rxb2 axb2 53. Kxb2 Kf3 54. Kc3 Kxf2 55. Kd4 Kxg3 56. Kxe4 g4 57. Kf5 Kf3 58. e4 g3 59. e5 g2 60. e6 g1Q 61. Kf6 Qg8 62. e7 Qe8 0-1

[Event "Titled Tuesday intern op 12th Mar Early"]
[Site "Chess.com INT"]
[Date "2024.03.12"]
[Round "5"]
[White "Finek, Vaclav"]
[Black "Lagarde, Maxime"]
[Result "1-0"]
[WhiteElo "2436"]
[BlackElo "2638"]
[PlyCount "115"]
[EventDate "2024.03.12"]
[EventType "swiss (blitz)"]
[EventRounds "11"]
[EventCountry "USA"]
[SourceTitle "CB12_2024"]
[SourceDate "2023.10.01"]
[SourceVersion "1"]
[SourceVersionDate "2023.10.01"]
[SourceQuality "1"]

1. d4 Nf6 2. c4 c5 3. d5 b5 4. cxb5 a6 5. e3 e6 6. Nc3 exd5 7. Nxd5 Be7 8. Nxf6+ Bxf6 9. Qd5 Ra7 10. Qxc5 Rc7 11. Qb4 Be7 12. Qb3 axb5 13. Bxb5 Na6 14. Ne2 Nc5 15. Qd1 0-0 16. 0-0 Bb7 17. Bd2 Qa8 18. f3 Rb8 19. a4 Bd5 20. Nd4 Ne6 21. Bc3 Bc5 22. Kh1 Ra7 23. e4 Nxd4 24. Bxd4 Bxd4 25. Qxd4 Rxb5 26. exd5 Rxd5 27. Qe4 Rda5 28. Qxa8+ Rxa8 29. b3 Rb8 30. Rab1 Kf8 31. Kg1 d5 32. Rfc1 Ke7 33. Kf2 Kd6 34. Ke3 Ra7 35. Kd3 Rab7 36. Kc3 Rc7+ 37. Kb2 Rcb7 38. Ka3 d4 39. b4 Re7 40. b5 Kd5 41. Kb4 Re2 42. a5 Ra2 43. b6 d3 44. Rc5+ Kd4 45. Rc7 d2 46. Rd7+ Ke3 47. Kb5 Rc2 48. a6 Rc1 49. Rb3+ Ke2 50. a7 Ra8 51. Rb2 Rd1 52. Ka6 Re8 53. Kb7 Ke1 54. a8Q Rxa8 55. Kxa8 Ra1+ 56. Kb7 d1Q 57. Rxd1+ Kxd1 58. Kc7 1-0

[Event "Titled Tuesday intern op 09th Jan Early"]
[Site "Chess.com INT"]
[Date "2024.01.09"]
[Round "5"]
[White "Finek, Vaclav"]
[Black "Vestby Ellingsen, Mads"]
[Result "0-1"]
[WhiteElo "2416"]
[BlackElo "2329"]
[PlyCount "74"]
[EventDate "2024.01.09"]
[EventType "swiss (blitz)"]
[EventRounds "11"]
[EventCountry "USA"]
[SourceTitle "CB03_2024"]
[SourceDate "2024.01.17"]
[SourceVersion "1"]
[SourceVersionDate "2024.01.17"]
[SourceQuality "1"]

1. d4 e6 2. Nf3 b6 3. g3 Bb7 4. Bg2 Nf6 5. 0-0 Be7 6. c4 0-0 7. Nc3 Ne4 8. Qc2 Nxc3 9. Qxc3 c5 10. Rd1 d6 11. d5 exd5 12. cxd5 Bf6 13. Qc2 Nd7 14. Bf4 Qe7 15. e4 Rfe8 16. Nd2 Ne5 17. Rac1 Ba6 18. Bxe5 Qxe5 19. b3 b5 20. a4 bxa4 21. bxa4 Rab8 22. Rb1 Qc3 23. Qxc3 Bxc3 24. Bf1 Bxf1 25. Nxf1 Kf8 26. f3 Rb4 27. Rxb4 cxb4 28. Ne3 b3 29. Kf1 Rb8 30. Ke2 Rb4 31. Rb1 b2 32. Kd3 Bf6 33. Ng4 Bd4 34. f4 Rxa4 35. e5 h5 36. Nf2 Bxf2 37. Rxb2 Bb6 0-1

[Event "Titled Tuesday intern op 09th Jan Early"]
[Site "Chess.com INT"]
[Date "2024.01.09"]
[Round "3"]
[White "Przybylski, Wojciech"]
[Black "Finek, Vaclav"]
[Result "1/2-1/2"]
[WhiteElo "2308"]
[BlackElo "2416"]
[PlyCount "222"]
[EventDate "2024.01.09"]
[EventType "swiss (blitz)"]
[EventRounds "11"]
[EventCountry "USA"]
[SourceTitle "CB03_2024"]
[SourceDate "2024.01.17"]
[SourceVersion "1"]
[SourceVersionDate "2024.01.17"]
[SourceQuality "1"]

1. d4 d5 2. g3 Nf6 3. Bg2 g6 4. Nf3 Bg7 5. 0-0 0-0 6. a4 c6 7. a5 Ne4 8. c3 Nd6 9. Nbd2 Nd7 10. Re1 Nf6 11. Ne5 Qc7 12. h3 h5 13. Kh2 Bf5 14. f3 Rae8 15. e4 dxe4 16. fxe4 Bc8 17. Nd3 Nh7 18. e5 Nf5 19. Ne4 b6 20. Bf4 Be6 21. axb6 axb6 22. Nb4 Kh8 23. Qd2 Rd8 24. Qf2 Bh6 25. h4 Bxf4 26. Qxf4 Kg7 27. Rf1 Nh6 28. Kg1 Ng4 29. Nf2 Nxf2 30. Rxf2 c5 31. Nc6 Rd5 32. Ra7 Qxc6 33. c4 Rxd4 34. Bxc6 Rxf4 35. Rxf4 g5 36. hxg5 Nxg5 37. Kh2 Rd8 38. Rf2 Bxc4 39. Rxe7 b5 40. e6 Bxe6 41. Bxb5 Rb8 42. Bd3 Rb4 43. Bf5 Bd5 44. Bb1 Nf3+ 45. Kh3 Ng5+ 46. Kh2 Nf3+ 47. Kh3 h4 48. g4 Rb3 49. Bf5 Ng5+ 50. Kxh4 Nf3+ 51. Kg3 Ng5+ 52. Kf4 Nh3+ 53. Ke5 Nxf2 54. Kxd5 Rxb2 55. Kxc5 Nh3 56. Kd4 Ng5 57. Kc3 Rf2 58. Rd7 Kf6 59. Kd3 Rf3+ 60. Ke2 Ra3 61. Rd6+ Ke5 62. Rb6 Kf4 63. Rb4+ Kg3 64. Rb7 Rc3 65. Kd2 Rc5 66. Rb3+ Kh4 67. Rb7 Re5 68. Kd3 Kg3 69. Rb8 Rd5+ 70. Kc4 Re5 71. Kd4 Re1 72. Rb7 Kf4 73. Kd3 Re3+ 74. Kd4 Nf3+ 75. Kd5 Re5+ 76. Kd6 Rxf5 77. gxf5 Kxf5 78. Rxf7+ Ke4 79. Re7+ Kd4 80. Rf7 Ke4 81. Rh7 Kf4 82. Rg7 Ke4 83. Ke6 Nd4+ 84. Kf6 Kf4 85. Rh7 Nf3 86. Ra7 Ke4 87. Ra4+ Nd4 88. Rb4 Kd5 89. Rb8 Ke4 90. Rd8 Nf3 91. Rd1 Nd4 92. Re1+ Kd5 93. Ke7 Nf5+ 94. Kd7 Nd4 95. Rd1 Ke5 96. Rd2 Kd5 97. Rh2 Ke5 98. Rh5+ Ke4 99. Kd6 Nf5+ 100. Kc5 Ke5 101. Rg5 Kf4 102. Rg8 Ke5 103. Ra8 Ke4 104. Re8+ Kf4 105. Kd5 Ne3+ 106. Kd4 Nf5+ 107. Kd3 Nd6 108. Re6 Nf5 109. Re8 Nd6 110. Re1 Nf5 111. Re6 Kf3 1/2-1/2

[Event "Titled Tuesday intern op 19th Dec Early"]
[Site "Chess.com INT"]
[Date "2023.12.19"]
[Round "6"]
[White "Chigaev, Maksim"]
[Black "Finek, Vaclav"]
[Result "1/2-1/2"]
[WhiteElo "2621"]
[BlackElo "2416"]
[PlyCount "128"]
[EventDate "2023.12.19"]
[EventType "swiss (blitz)"]
[EventRounds "11"]
[EventCountry "USA"]
[SourceTitle "CB52_2023"]
[SourceDate "2023.12.27"]
[SourceVersion "1"]
[SourceVersionDate "2023.12.27"]
[SourceQuality "1"]

1. e4 c5 2. Ne2 Nc6 3. Nbc3 g6 4. g3 Bg7 5. Bg2 e6 6. 0-0 Nge7 7. d3 0-0 8. Bg5 Rb8 9. Qd2 b5 10. a3 a5 11. Bh6 d6 12. h3 b4 13. axb4 axb4 14. Nd1 d5 15. Bxg7 Kxg7 16. exd5 exd5 17. d4 c4 18. Ne3 Be6 19. Nf4 Qd6 20. c3 Ra8 21. h4 h5 22. Rfe1 Rfb8 23. Qe2 Rxa1 24. Rxa1 bxc3 25. bxc3 Rb3 26. Qd2 Qb8 27. Nexd5 Rb1+ 28. Rxb1 Qxb1+ 29. Kh2 Bxd5 30. Nxd5 Nf5 31. Ne3 Na5 32. Nxf5+ Qxf5 33. Qe3 Qe6 34. Qxe6 fxe6 35. Bf1 Kf6 36. f4 Kf5 37. Kg2 Ke4 38. Kf2 Kf5 39. Ke3 Kg4 40. Kf2 Kf5 41. Kf3 Nb3 42. Ke3 Na5 43. Be2 Kf6 44. Ke4 Nb3 45. Bxc4 Nd2+ 46. Kd3 Nf1 47. Ba6 Nxg3 48. c4 Nf5 49. c5 Ke7 50. Bb7 Nxh4 51. d5 exd5 52. Bxd5 Nf5 53. Ke4 h4 54. Ke5 Ne3 55. Be4 Ng4+ 56. Kd4 h3 57. c6 h2 58. Bf3 Nf2 59. Ke5 h1Q 60. Bxh1 Nxh1 61. c7 Kd7 62. Kf6 Kxc7 63. Kxg6 Ng3 64. f5 Nxf5 1/2-1/2

[Event "Titled Tuesday intern op 19th Dec Early"]
[Site "Chess.com INT"]
[Date "2023.12.19"]
[Round "10"]
[White "Finek, Vaclav"]
[Black "Manukyan, Sargis A"]
[Result "1/2-1/2"]
[WhiteElo "2416"]
[BlackElo "2216"]
[PlyCount "136"]
[EventDate "2023.12.19"]
[EventType "swiss (blitz)"]
[EventRounds "11"]
[EventCountry "USA"]
[SourceTitle "CB52_2023"]
[SourceDate "2023.12.27"]
[SourceVersion "1"]
[SourceVersionDate "2023.12.27"]
[SourceQuality "1"]

1. d4 d5 2. Nf3 Nf6 3. g3 e6 4. Bg2 Be7 5. 0-0 0-0 6. c4 dxc4 7. Qc2 a6 8. a4 c5 9. dxc5 Bxc5 10. Qxc4 Nbd7 11. Ne1 b5 12. Qc2 Rb8 13. Nd3 Bd6 14. Be3 Bb7 15. Bxb7 Rxb7 16. axb5 axb5 17. Qc6 Qb8 18. Ba7 Qc7 19. Qxc7 Rxc7 20. Nc3 Rb7 21. Be3 b4 22. Na4 Rc8 23. Rfc1 Rbc7 24. Rxc7 Rxc7 25. Nac5 h6 26. Nxd7 Nxd7 27. Rc1 Rxc1+ 28. Nxc1 Nb8 29. Nd3 Kf8 30. Kf1 Ke7 31. Ke1 e5 32. Kd2 Nc6 33. Kc2 Na5 34. Bb6 Nc4 35. Bc5 e4 36. Bxd6+ Kxd6 37. Nxb4 Kc5 38. Na2 e3 39. f4 Nd2 40. Kd3 Nf1 41. Nc3 h5 42. Ne4+ Kd5 43. b4 f6 44. Nc3+ Kd6 45. Ke4 Nxh2 46. Kxe3 Nf1+ 47. Kf2 Nd2 48. e4 Nc4 49. Ke2 g5 50. Kd3 Nb2+ 51. Kd4 h4 52. gxh4 gxh4 53. e5+ fxe5+ 54. fxe5+ Ke6 55. Ne4 Kd7 56. Ng5 Na4 57. b5 Nb6 58. Nh3 Nc8 59. Nf4 Ne7 60. Kc5 Nc8 61. e6+ Ke7 62. Ng6+ Kxe6 63. Nxh4 Kd7 64. Nf3 Nd6 65. Ne5+ Kc7 66. b6+ Kb7 67. Nd7 Nc8 68. Kb5 Nxb6 1/2-1/2

[Event "Titled Tuesday intern op 19th Dec Early"]
[Site "Chess.com INT"]
[Date "2023.12.19"]
[Round "9"]
[White "Martinez Reyes, Pedro Ramon"]
[Black "Finek, Vaclav"]
[Result "0-1"]
[WhiteElo "2342"]
[BlackElo "2416"]
[PlyCount "52"]
[EventDate "2023.12.19"]
[EventType "swiss (blitz)"]
[EventRounds "11"]
[EventCountry "USA"]
[SourceTitle "CB52_2023"]
[SourceDate "2023.12.27"]
[SourceVersion "1"]
[SourceVersionDate "2023.12.27"]
[SourceQuality "1"]

1. Nf3 d5 2. g3 Nf6 3. Bg2 g6 4. 0-0 Bg7 5. d3 0-0 6. Nbd2 c5 7. e4 Nc6 8. Re1 e5 9. exd5 Nxd5 10. c3 Re8 11. Nc4 Nb6 12. Nfd2 Nxc4 13. Nxc4 Bf5 14. Be4 Be6 15. Be3 Bf8 16. Bxc6 bxc6 17. Nxe5 Qd5 18. Bf4 Bh3 19. f3 Bg7 20. Ng4 Rxe1+ 21. Qxe1 Qxf3 22. Ne3 Rd8 23. Rd1 Re8 24. Qd2 h6 25. Re1 g5 26. Bd6 Rxe3 0-1

[Event "Titled Tuesday intern op 19th Dec Early"]
[Site "Chess.com INT"]
[Date "2023.12.19"]
[Round "1"]
[White "Novak, Ratko"]
[Black "Finek, Vaclav"]
[Result "0-1"]
[WhiteElo "2037"]
[BlackElo "2416"]
[PlyCount "88"]
[EventDate "2023.12.19"]
[EventType "swiss (blitz)"]
[EventRounds "11"]
[EventCountry "USA"]
[SourceTitle "CB52_2023"]
[SourceDate "2023.12.27"]
[SourceVersion "1"]
[SourceVersionDate "2023.12.27"]
[SourceQuality "1"]

1. d4 d5 2. c4 c6 3. cxd5 cxd5 4. Nc3 Nf6 5. f3 Nc6 6. e4 dxe4 7. d5 Ne5 8. fxe4 Bd7 9. Qd4 Ng6 10. e5 Ng8 11. Bd3 e6 12. d6 Qh4+ 13. Qxh4 Nxh4 14. Be4 Bc6 15. Bxc6+ bxc6 16. g3 Ng6 17. Nf3 f6 18. Ne4 fxe5 19. Bg5 h6 20. 0-0-0 hxg5 21. d7+ Ke7 22. Nexg5 Rd8 23. Rhe1 Rxd7 24. Rxd7+ Kxd7 25. h4 Nf6 26. Nf7 Rh5 27. N3g5 e4 28. Nxe4 Nxe4 29. Rxe4 Rf5 30. Ng5 e5 31. a3 Bc5 32. b4 Bd4 33. Rg4 Ne7 34. Ne4 g6 35. Kc2 Ke6 36. Kd3 Kd5 37. Ng5 Nc8 38. Ne4 Rf3+ 39. Kd2 Rxa3 40. Nf6+ Ke6 41. Rxg6 Kf5 42. h5 Ne7 43. g4+ Ke6 44. Rh6 Be3+ 0-1

[Event "Titled Tuesday intern op 12th Dec Early"]
[Site "Chess.com INT"]
[Date "2023.12.12"]
[Round "2"]
[White "Finek, Vaclav"]
[Black "Batbold, Nyamsuren"]
[Result "1-0"]
[WhiteElo "2416"]
[BlackElo "2143"]
[PlyCount "69"]
[EventDate "2023.12.12"]
[EventType "swiss (blitz)"]
[EventRounds "11"]
[EventCountry "USA"]
[SourceTitle "CB51_2023"]
[SourceDate "2023.12.20"]
[SourceVersion "1"]
[SourceVersionDate "2023.12.20"]
[SourceQuality "1"]

1. Nf3 Nf6 2. g3 d5 3. Bg2 Bg4 4. 0-0 c6 5. h3 Bh5 6. d3 Nbd7 7. Qe1 e6 8. Nfd2 Be7 9. f4 Bg6 10. e4 dxe4 11. dxe4 h6 12. Nc3 0-0 13. g4 Nc5 14. Kh1 Re8 15. Qe2 h5 16. g5 Nfd7 17. h4 f5 18. e5 Nb6 19. Nb3 Qc7 20. Be3 Ne4 21. Nxe4 fxe4 22. Nd4 Bf8 23. Bh3 Qf7 24. c4 Bf5 25. Nxf5 exf5 26. b3 g6 27. Rfd1 Rad8 28. Qc2 Na8 29. Bf1 b6 30. c5 b5 31. a4 a6 32. axb5 axb5 33. Ra6 Qe6 34. Bxb5 Rc8 35. Bc4 1-0

[Event "Titled Tuesday intern op 14th Nov Early"]
[Site "Chess.com INT"]
[Date "2023.11.14"]
[Round "1"]
[White "Finek, Vaclav"]
[Black "Begunov, Konstantin"]
[Result "0-1"]
[WhiteElo "2411"]
[BlackElo "2325"]
[PlyCount "106"]
[EventDate "2023.11.14"]
[EventType "swiss (blitz)"]
[EventRounds "11"]
[EventCountry "USA"]
[SourceTitle "CB47_2023"]
[SourceDate "2023.11.22"]
[SourceVersion "1"]
[SourceVersionDate "2023.11.22"]
[SourceQuality "1"]

1. Nf3 d5 2. g3 c6 3. Bg2 Bg4 4. 0-0 Nd7 5. h3 Bh5 6. d3 e5 7. e4 dxe4 8. dxe4 Bc5 9. Nbd2 Qe7 10. Nb3 Bb6 11. Qe2 Ngf6 12. a4 a5 13. g4 Bg6 14. Nfd2 Nc5 15. Nxc5 Bxc5 16. Nb3 Bb6 17. Be3 Nd7 18. Rfd1 Bxe3 19. Qxe3 0-0 20. Bf1 Rfd8 21. f3 f6 22. Bc4+ Bf7 23. Bxf7+ Kxf7 24. Rd3 Nf8 25. Rad1 Ne6 26. Qb6 Qb4 27. Rd7+ Ke8 28. Rxd8+ Rxd8 29. Rxd8+ Nxd8 30. Qxa5 Qc4 31. Qc5 Qxa4 32. Qd6 Qc4 33. Nc5 Qd4+ 34. Qxd4 exd4 35. b4 Ke7 36. Kf2 Kd6 37. Ke2 b6 38. Na4 Kc7 39. Nb2 Ne6 40. h4 c5 41. b5 Nd8 42. Nc4 Nf7 43. f4 Nd6 44. Nxd6 Kxd6 45. Kd3 Ke6 46. h5 g6 47. hxg6 hxg6 48. Ke2 g5 49. Kf3 gxf4 50. Kxf4 c4 51. Kg3 d3 52. cxd3 c3 53. d4 c2 0-1

[Event "Titled Tuesday intern op 14th Nov Early"]
[Site "Chess.com INT"]
[Date "2023.11.14"]
[Round "7"]
[White "Finek, Vaclav"]
[Black "Jovic, Stanoje"]
[Result "1-0"]
[WhiteElo "2411"]
[BlackElo "2097"]
[PlyCount "115"]
[EventDate "2023.11.14"]
[EventType "swiss (blitz)"]
[EventRounds "11"]
[EventCountry "USA"]
[SourceTitle "CB47_2023"]
[SourceDate "2023.11.22"]
[SourceVersion "1"]
[SourceVersionDate "2023.11.22"]
[SourceQuality "1"]

1. d4 Nf6 2. c4 e6 3. g3 d5 4. Bg2 Bb4+ 5. Bd2 Be7 6. Nf3 0-0 7. 0-0 c6 8. Bc3 dxc4 9. Ne5 b5 10. b3 cxb3 11. axb3 Nd5 12. Ba5 Qe8 13. Qc2 Bb7 14. e4 Nb6 15. Nd3 N8d7 16. Nc5 Nxc5 17. dxc5 Nd7 18. b4 Bf6 19. Ra3 Ne5 20. Nd2 Bd8 21. f4 Bxa5 22. Rxa5 Ng4 23. Qc3 e5 24. h3 Nf6 25. Qxe5 Qxe5 26. fxe5 Nd7 27. e6 fxe6 28. Rxf8+ Kxf8 29. Nf3 h6 30. h4 a6 31. e5 Ke7 32. Kf2 Rf8 33. Ke3 g5 34. hxg5 hxg5 35. Bh3 Rg8 36. Bg4 Rh8 37. Ra1 Bc8 38. Rd1 a5 39. bxa5 Nxc5 40. Rd6 Bb7 41. Nxg5 Rg8 42. Kf4 Rf8+ 43. Ke3 Rg8 44. Nxe6 Nxe6 45. Rxe6+ Kf7 46. Rf6+ Ke7 47. Kf4 b4 48. Be6 Rf8 49. Rxf8 Kxf8 50. Bc4 Ke7 51. a6 Ba8 52. g4 c5 53. g5 Bc6 54. g6 Kf8 55. e6 Kg7 56. Kg5 Be4 57. a7 Bc6 58. e7 1-0

[Event "Titled Tuesday intern op 14th Nov Early"]
[Site "Chess.com INT"]
[Date "2023.11.14"]
[Round "8"]
[White "Finek, Vaclav"]
[Black "Le, Tuan Minh"]
[Result "1-0"]
[WhiteElo "2411"]
[BlackElo "2567"]
[PlyCount "25"]
[EventDate "2023.11.14"]
[EventType "swiss (blitz)"]
[EventRounds "11"]
[EventCountry "USA"]
[SourceTitle "CB47_2023"]
[SourceDate "2023.11.22"]
[SourceVersion "1"]
[SourceVersionDate "2023.11.22"]
[SourceQuality "1"]

1. Nf3 d5 2. d4 Nf6 3. c4 c6 4. Qc2 dxc4 5. Qxc4 Bg4 6. Nbd2 Nbd7 7. g3 e6 8. Bg2 Be7 9. 0-0 0-0 10. Qb3 Qb6 11. Nc4 Qa6 12. Bd2 Rfd8 13. Rfd1 1-0

[Event "Titled Tuesday intern op 14th Nov Early"]
[Site "Chess.com INT"]
[Date "2023.11.14"]
[Round "10"]
[White "Finek, Vaclav"]
[Black "Seo, Jung Min"]
[Result "1-0"]
[WhiteElo "2411"]
[BlackElo "2480"]
[PlyCount "109"]
[EventDate "2023.11.14"]
[EventType "swiss (blitz)"]
[EventRounds "11"]
[EventCountry "USA"]
[SourceTitle "CB47_2023"]
[SourceDate "2023.11.22"]
[SourceVersion "1"]
[SourceVersionDate "2023.11.22"]
[SourceQuality "1"]

1. Nf3 Nf6 2. g3 b5 3. Bg2 Bb7 4. 0-0 e6 5. d3 c5 6. e4 d6 7. a4 a6 8. Nc3 b4 9. Ne2 Nbd7 10. b3 Be7 11. Bb2 0-0 12. Nd2 d5 13. Kh1 Ne8 14. f4 Nd6 15. g4 dxe4 16. dxe4 f5 17. gxf5 exf5 18. e5 Bxg2+ 19. Kxg2 Nc8 20. Nc4 Ndb6 21. Qxd8 Rxd8 22. Ne3 g6 23. Rfd1 a5 24. Rxd8+ Bxd8 25. Rd1 Be7 26. c4 bxc3 27. Nxc3 Kf7 28. Nb5 Na7 29. e6+ Kf8 30. Nxa7 Rxa7 31. Bc3 Ra6 32. Kf3 Ke8 33. h3 c4 34. Nxc4 Nxc4 35. bxc4 Rxe6 36. Bxa5 Rc6 37. Bd2 Rxc4 38. Ra1 Rd4 39. Be3 Rd3 40. Ke2 Ra3 41. Rxa3 Bxa3 42. a5 Kd7 43. Kd3 Kc6 44. Kc4 Be7 45. a6 h6 46. a7 Kb7 47. Kd5 g5 48. Ke6 Bd8 49. fxg5 hxg5 50. Kxf5 Be7 51. Kg6 Bd8 52. Bxg5 Bb6 53. h4 Kxa7 54. h5 Bd4 55. h6 1-0

[Event "Titled Tuesday intern op 14th Nov Early"]
[Site "Chess.com INT"]
[Date "2023.11.14"]
[Round "3"]
[White "Finek, Vaclav"]
[Black "Zomorrodian, Eilia"]
[Result "1-0"]
[WhiteElo "2411"]
[BlackElo "2099"]
[PlyCount "59"]
[EventDate "2023.11.14"]
[EventType "swiss (blitz)"]
[EventRounds "11"]
[EventCountry "USA"]
[SourceTitle "CB47_2023"]
[SourceDate "2023.11.22"]
[SourceVersion "1"]
[SourceVersionDate "2023.11.22"]
[SourceQuality "1"]

1. d4 Nf6 2. Nf3 g6 3. c4 Bg7 4. g3 0-0 5. Bg2 d6 6. 0-0 Nc6 7. Nc3 Bf5 8. Ne1 a6 9. e4 Bd7 10. h3 e5 11. d5 Nd4 12. Nc2 Re8 13. Be3 Nxc2 14. Qxc2 c5 15. dxc6 bxc6 16. Rfd1 Bf8 17. c5 dxc5 18. Na4 Qc7 19. Nxc5 Be6 20. Rac1 a5 21. b3 Bxc5 22. Bxc5 a4 23. bxa4 Qa5 24. Bd6 Qxa4 25. Bxe5 Nd7 26. Ba1 Qxa2 27. Qc3 f6 28. Rxd7 Bxd7 29. Qxf6 Re6 30. Qg7# 1-0

[Event "Titled Tuesday intern op 14th Nov Early"]
[Site "Chess.com INT"]
[Date "2023.11.14"]
[Round "11"]
[White "Henriquez Villagra, Cristobal"]
[Black "Finek, Vaclav"]
[Result "0-1"]
[WhiteElo "2630"]
[BlackElo "2411"]
[PlyCount "58"]
[EventDate "2023.11.14"]
[EventType "swiss (blitz)"]
[EventRounds "11"]
[EventCountry "USA"]
[SourceTitle "CB47_2023"]
[SourceDate "2023.11.22"]
[SourceVersion "1"]
[SourceVersionDate "2023.11.22"]
[SourceQuality "1"]

1. d4 d5 2. c4 c6 3. cxd5 cxd5 4. Nc3 Nf6 5. Bf4 Nc6 6. e3 Bf5 7. Qb3 Na5 8. Qa4+ Bd7 9. Qc2 e6 10. Nf3 Rc8 11. Bd3 Bb4 12. 0-0 0-0 13. Rfc1 h6 14. Nd2 b5 15. Rab1 Nc4 16. Nxc4 dxc4 17. Bf1 Bc6 18. f3 Bxc3 19. bxc3 Nd5 20. Qd2 Nxf4 21. exf4 a6 22. Re1 Bd5 23. Re5 f5 24. Qb2 Rf7 25. Qb4 Rb7 26. a4 a5 27. Qa3 b4 28. cxb4 axb4 29. Rxb4 Qf8 0-1